| 000 | 00963cam a22001935a 4500 | ||
|---|---|---|---|
| 001 | L149347 | ||
| 008 | 100223s2009 xxk 000 0 eng d | ||
| 035 | _a(Sirsi) u149347 | ||
| 041 | 0 | _aeng | |
| 100 | 1 | _aJohn, Ed | |
| 245 | 0 | 1 | _a"Loan to own" and the acquisition of assets through the purchase of debt |
| 260 | _c2009 | ||
| 490 |
_aLovells Real Estate Quarterly _v Winter 2009, 14(1) |
||
| 520 | _aExplains how "loan to own", the increasingly popular means of acquiring property, works: what it is, when it would be used, how to target a "loan to own" deal, enforcing the security, and proceeding with caution. Asks whether it is value for money and concludes that "loan to own" is an innovative means of acquiring assets in distressed situations where a conventional asset purchase would not work. | ||
| 590 | _aKA | ||
| 651 | 4 |
_aUnited Kingdom _y |
|
| 690 | _aPROPERTY-COMMERCIAL PROPERTY-ACQUISITION AND DISPOSAL OF COMMERCIAL PROPERTY | ||
| 942 | _n0 | ||
| 999 |
_c82148 _d82148 |
||